000 00333nam a22001457a 4500
008 230512b ||||| |||| 00| 0 eng d
020 _a9780618249510
041 _aeng
080 _a038
082 _a038BER
100 _a40
101 _aFJALOR
245 _aDIC.TION.AR.Y FOR LEARNERS OF ENGLISH
_cBERUBE.S.M
942 _2udc
_cBK
999 _c59693
_d59693